000 00423nam a22001577a 4500
003 LK-CoDNM
005 20240815093429.0
008 240815b |||||||| |||| 00| 0 eng d
040 _aLK-CoDNM
_dLK-CoDNM
_eLK-CoDNM
080 _a9
_bG2
100 _aTHE BRITH MUSEUM OFFICIAL CATALOGUES
245 _aCOINS ANS MEDALS
260 _aLONDON
_bPATERNOSTER ROW , EC
_c1885
300 _aX, 286P. : ILL ; 24 CM
942 _cBK
999 _c147792
_d147792